Cinemática de los engranajes: estudio de los mecanismos de ruedas dentadas con numerosos ejemplos de aplicación

Αποθηκεύτηκε σε:
Λεπτομέρειες βιβλιογραφικής εγγραφής
Κύριος συγγραφέας: Loyarte Urrutibèhèty, C. F. (autor)
Μορφή: Βιβλίο
Γλώσσα:Ισπανικά
Έκδοση: Buenos Aires G. Gili 1952
Θέματα:
Ετικέτες: Προσθήκη ετικέτας
Δεν υπάρχουν, Καταχωρήστε ετικέτα πρώτοι!

MARC

LEADER 00000nam a2200000 a 4500
001 UCP2327
003 CL-VaPUC
008 990514e19520000AG |||||||||||||||||spa|d
082 0 4 |a 621.811  |b LOY  |2 21 
100 |a Loyarte Urrutibèhèty, C. F.  |e autor  |9 428992 
245 1 0 |a Cinemática de los engranajes: estudio de los mecanismos de ruedas dentadas con numerosos ejemplos de aplicación 
300 |a 236 p 
942 |c BK 
945 |d 19990514 00:00:00  |a cmena 
260 |a Buenos Aires  |b G. Gili  |c 1952 
650 0 |a Ingeniería mecánica   |9 262089 
650 0 |a Cinemática  |9 260942 
650 0 |a Propiedades físicas  |9 342981 
650 7 |a ELEMENTOS DE MAQUINAS  |2 CL-VaPUC  |9 428993 
650 0 |a Engranajes   |9 271783 
583 |a last modification  |c 19990514 00:00:00  |k Rodrigo Vera 
999 |c 280878  |d 280876 
952 |0 0  |1 0  |4 0  |6 621_811000000000000_LOY_1952  |7 0  |8 A  |9 321402  |a BIBMEC  |b BIBMEC  |d 2019-11-20  |i 1499327  |o 621.811 LOY 1952  |p 1499327  |r 2024-01-19  |w 2019-11-20  |y BK  |k MEC